| 000 | 00374cam a2200157ua 4500 | ||
|---|---|---|---|
| 003 | OSt | ||
| 008 | 250423b |||||||| |||| 00| 0 eng d | ||
| 020 | _a9788170088530 | ||
| 082 |
_a624.1517 _bPUN/SU |
||
| 100 | _aPunmia, B C. | ||
| 245 | _aSurveying, Vol.1 / | ||
| 250 | _a11 / | ||
| 260 |
_aNew Delhi : _bLaxmi Publications , _c1988. |
||
| 300 | _a650 ; . | ||
| 942 | _cBK | ||
| 999 |
_c2462 _d2462 |
||